000 00621nam a2200217u 4500
001 22304
003 BD-RjUL
005 20211209000806.0
008 140308s1992 pk || ||||||| 1 |eng|
035 _a(BD-RjUL)22369
040 _aDLC
_cCarP
_dDLC
_dBD-RjUL
_beng
041 _aeng
082 _a910.30297
_bWOR 1992
245 0 0 _aWorld Muslim gazetteer /
260 _aDellah :
_bInternational islamic publishers,
_c1992.
300 _a925 p. ;
_c19 cm.
651 0 _aIslamic countries
_vPeriodicals.
_968868
711 2 _aWorld Muslim Conference. [from old catalog]
_968869
942 _2ddc
_cBK
999 _c22304
_d22304